-
PAREEK, UDAI and RAO, T.V.
Entry Personal Name
Number of records used in: 1
001 - CONTROL NUMBER
003 - CONTROL NUMBER IDENTIFIER
005 - DATE AND TIME OF LATEST TRANSACTION
- control field:
20180810120832.0
008 - FIXED-LENGTH DATA ELEMENTS
- fixed length control field:
180810|| aca||aabn | a|a d
040 ## - CATALOGING SOURCE
- Original cataloging agency:
OSt
- Transcribing agency:
OSt
100 ## - HEADING--PERSONAL NAME
- Personal name:
PAREEK, UDAI and RAO, T.V.
670 ## - SOURCE DATA FOUND
- Source citation:
Work cat.: (OSt)814: PAREEK, UDAI and RAO, T.V., Designing and Managing Human Resource Systems, 2007